| Поле | Инд. | ПП | Название | Значение |
|---|---|---|---|---|
| Тип записи | a | |||
| Библиографический уровень | b | |||
| 001 | Контрольный номер | d2608ee7981e4c3f8940972f5bf5d57a | ||
| 005 | Дата корректировки | 20220426161917.2 | ||
| 024 | 80 | a | Стандартный номер | DOI: 10.7868/S0869587313080033 |
| 040 | a | Служба первич. каталог. | РИНЦ | |
| 041 | 0_ | a | Код языка текста | rus |
| 084 | a | Индекс другой классификации/Индекс ББК | 71.0; 87.25 | |
| 097 | a | Чагина С.Г. | ||
| 097 | a | Назина Л.Н. | ||
| 100 | 1_ | a | Автор | Федоров И. Б. |
| 100 | 1_ | a | Автор | Багдасарьян Н. Г. |
| g | Прочие сведения | РИНЦ AuthorID: 120295 (http://elibrary.ru/author_items.asp?authorid=120295) | ||
| g | Прочие сведения | SPIN-код: 7891-3750 | ||
| q | Полное имя | Багдасарьян Надежда Гегамовна | ||
| c | Титул (звания) | профессор (ученое звание); доктор философских наук | ||
| i | 000089095 | |||
| k | Кафедра социологии и гуманитарных наук; Факультет социальных и гуманитарных наук | |||
| u | Дополнение | Багдасарьян Н. Г. | ||
| 245 | 10 | a | Заглавие | Становление технонауки: от Гаспара Монжа до нанотехнологий |
| 650 | 04 | a | Основная рубрика | культура; культурология; теоретическая культурология (фундаментальная культурология); философия; философия науки |
| 773 | 18 | t | Название источника | Вестник Российской академии наук |
| c | Москва | |||
| d | Место и дата издания | 2013 | ||
| m | Специф. данные | входит в ядро РИНЦ | ||
| m | Специф. данные | журнал из перечня ВАК | ||
| m | Специф. данные | ненулевой импакт-фактор | ||
| g | Прочая информация | Т. 83. - № 11. - С. 1040 | ||
| n | Примечание | http://elibrary.ru/contents.asp?issueid=1155217 | ||
| w | Контрольный № источника | 132c2696cb4b43cdaef7107c07b18e9c | ||
| b | Сведения об издании | Наука | ||
| 856 | 40 | u | URL | http://elibrary.ru/item.asp?id=20447667 |
| 901 | t | Тип документа | b | |
| 952 | c | Вид литературы | статья в журнале |